[Event "Massy 21th op"]
[Site "Massy "]
[Date "2009.06.28"]
[Round "?"]
[White "Trommsdorf, Fro"]
[Black "Afrakhteh, Nahid"]
[Result "1-0"]
[WhiteElo "2093"]
[BlackElo "1519"]
[PlyCount "47"]
[EventDate "2009.06.27"]
[EventType "swiss"]
[EventRounds "7"]
[EventCountry "FRA"]
[SourceTitle "EXT 2010"]
[Source "ChessBase"]
[SourceDate "2010.11.25"]
[SourceVersion "1"]
[SourceVersionDate "2010.11.25"]
[SourceQuality "1"]

1. Nf3 d5 2. g3 c5 3. Bg2 Nc6 4. c4 e6 5. 0-0 Nf6 6. a3 Bd6 7. d3 dxc4 8. dxc4 0-0 9. Nc3 a6 10. Bg5 Be7 11. h3 Bd7 12. Nd2 Qc8 13. e4 h6 14. Be3 e5 15. Kh2 Nd8 16. Nf3 Nc6 17. Nd5 Qd8 18. Nxf6+ gxf6 19. Bxh6 Re8 20. Nh4 Nd4 21. Qh5 Qc8 22. f4 Be6 23. f5 Bxc4 24. Qg4+ 1-0

[Event "FRA-chT Top 12 (Women)"]
[Site "France"]
[Date "2009.??.??"]
[Round "3.4"]
[White "Brajon, Victoria"]
[Black "Afrakhteh, Nahid"]
[Result "1-0"]
[WhiteElo "1490"]
[BlackElo "1505"]
[PlyCount "79"]
[EventDate "2009.01.22"]
[EventType "team-tourn"]
[EventRounds "4"]
[EventCountry "FRA"]
[SourceTitle "CBM 128 Extra"]
[Source "ChessBase"]
[SourceDate "2009.03.05"]
[SourceVersion "2"]
[SourceVersionDate "2009.03.25"]
[SourceQuality "1"]

1. e4 c5 2. Nf3 Nc6 3. d4 cxd4 4. Nxd4 e5 5. Nb3 Nf6 6. Nc3 Bb4 7. f3 d5 8. a3 Bxc3+ 9. bxc3 dxe4 10. Qxd8+ Nxd8 11. Bb5+ Nc6 12. Na5 exf3 13. Nxc6 Bd7 14. Nxe5 Bxb5 15. Nxf3 0-0 16. Bd2 Rfe8+ 17. Kd1 Rad8 18. Kc1 Bc6 19. Rd1 h6 20. Kb2 g5 21. h4 g4 22. Nd4 Bxg2 23. Bxh6 Rd5 24. c4 Ra5 25. Nb5 Ne4 26. Rg1 Bh3 27. Rae1 Re6 28. Re3 Kh7 29. Bf4 a6 30. Nd4 Rb6+ 31. Nb3 Nd2 32. Kc3 Nxb3 33. cxb3 Rxa3 34. Kb2 Ra4 35. Rc3 Rab4 36. Bc7 Re6 37. Ka3 Rbb6 38. Bxb6 Rxb6 39. Ka4 Rc6 40. Re3 1-0